000 00301nam a2200109Ia 4500
008 230524s9999 xx 000 0 und d
100 _aS.P. Sharma
245 0 _aYoungster''s Guide for Personality Development
500 _aQuantity Number: 1
650 _aPersonality Development
_936651
942 _cBK
999 _c50684
_d50684